000 00600nam a22001937a 4500
003 OSt
005 20220107122901.0
008 211209b xxu||||| |||| 00| 0 eng d
020 _a9781484248461
040 _cKUDSIT
082 _a332.178 ELR/B
100 _aElrom, Elad
_918818
245 _aThe Blockchain developer:
_bA practical guide for designing, implementing, publishing, testing, and securing distributed blockchain-based projects
260 _aNew York,
_bApress,
_c2019.
300 _axvii, 513p.
650 _aCOMPUTER SCIENCE
_918819
650 _aBLOCKCHAIN
_918820
942 _2ddc
_cBK
999 _c6884
_d6884